000
00227 a2200097 4500
001
3632
100
_a
Qureishi, I H
245
_a
Short history of Pakistan Book I
260
_a
_b
Univeresity of Karachi
_c
090
_c
2896
_d
2896
942
_a
NUST-CAE
_c
M
_c
21068
999
_c
238705
_d
238705